Statistics for 20 Most Populous Countries In 2300

Click here to take the quiz!

General Stats

  • This quiz has been taken 172 times
  • The average score is 10 of 20

Answer Stats

HintAnswer% Correct
1.371 BIndia
99%
1.287 BChina
98%
628.1 MUnited States
88%
695 MNigeria
87%
472.5 MPakistan
66%
418 MNiger
50%
441 MTanzania
50%
310.6 MEgypt
47%
220.5 MIndonesia
45%
240 MDR Congo
44%
329.8 MEthiopia
44%
186 MSudan
37%
423 MAngola
36%
214.7 MPhilippines
36%
197.2 MUganda
33%
209 MCameroon
24%
235.3 MZambia
22%
242 MIvory Coast
19%
240.4 MMadagascar
15%
200 MBurkina Faso
11%

Score Distribution

Percentile by Number Answered

Percent of People with Each Score

Your Score History

You have not taken this quiz